LIBRARY & INFORMATION CENTRE, KCAET, TAVANUR

ONLINE PUBLIC ACCESS CATALOGUE (OPAC)

List of Text books / (Record no. 5269)

MARC details
000 -LEADER
fixed length control field 00265cam a2200109ua 4500
082 ## - DEWEY DECIMAL CLASSIFICATION NUMBER
Classification number 400.016
Item number CAL/LI
100 ## - MAIN ENTRY--AUTHOR NAME
Personal name Calicut , University .
245 ## - TITLE STATEMENT
Title List of Text books /
260 ## - PUBLICATION, DISTRIBUTION, ETC. (IMPRINT)
Place of publication :
Name of publisher University of Calicut ,
Year of publication 1971.
300 ## - PHYSICAL DESCRIPTION
Number of Pages 160 ; .
942 ## - ADDED ENTRY ELEMENTS (KOHA)
Koha item type Books
Holdings
Withdrawn status Lost status Damaged status Home library Current library Date acquired Full call number Accession Number Koha item type Public note
      KAUAET KAUAET 07/04/2012 400.016 13208 Books Transferred to Malayalam University
Withdrawn     KAUAET KAUAET 04/01/2025 400.016 CAL/LI 13210 Books Write off as per KAU order no GA/E1/2033086 kdis 11/11/88
free website counter